Précis de médicine légale / (Record no. 87866)

MARC details
000 -LEADER
campo de control de longitud fija 00547nam a2200181 i 4500
001 - NÚMERO DE CONTROL
campo de control 87866
003 - IDENTIFICADOR DE NÚMERO DE CONTROL
campo de control ES-MaACL
005 - FECHA Y HORA DE LA ÚLTIMA TRANSACCIÓN
campo de control 20250806060940.0
007 - CAMPO FIJO DE DESCRIPCIÓN FÍSICA--INFORMACIÓN GENERAL
campo de control de longitud fija t|
008 - DATOS DE LONGITUD FIJA--INFORMACIÓN GENERAL
campo de control de longitud fija 041227s1906 fr ||||1| fre d
100 1# - ENTRADA PRINCIPAL--NOMBRE DE PERSONA
Nombre de persona Lacassagne, Alexander.
9 (RLIN) 69344
245 10 - MENCIÓN DEL TÍTULO
Título Précis de médicine légale /
Mención de responsabilidad, etc. par Alexander Lacassagne.
260 ## - PUBLICACIÓN, DISTRIBUCIÓN, ETC.
Lugar de publicación, distribución, etc. Paris :
Nombre del editor, distribuidor, etc. [s.n.],
Fecha de publicación, distribución, etc. 1906 (
Lugar de fabricación/manufactura Coulommiers :
Fabricante Paul Brodard)
300 ## - DESCRIPCIÓN FÍSICA
Extensión XVIII, 891 p. ;
Dimensiones 20 cm.
650 07 - PUNTO DE ACCESO ADICIONAL DE MATERIA--TÉRMINO DE MATERIA
Término de materia o nombre geográfico como elemento de entrada Medicina legal
Fuente del encabezamiento o término embne
9 (RLIN) 14928
852 ## - LOCALIZACIÓN
Ubicación ES-MaACL
Número de control de estantería B-11789
Holdings
Estatus retirado Estado de pérdida Estado de daño No para préstamo Biblioteca de origen Biblioteca actual Ubicación en estantería Fecha de adquisición Fuente de adquisición Total de préstamos Signatura topográfica completa Código de barras Visto por última vez Precio de reemplazo Tipo de ítem Koha
        Biblioteca del Ateneo de Madrid Biblioteca del Ateneo de Madrid Sala Pardo Bazán 17/01/2008     B-11789 1091789 23/02/2023 23/02/2023 Libro impreso